Missing plots: book on reading for foreigners studying Russian language (Record no. 77699)

MARC details
000 -LEADER
fixed length control field 00811nam a2200181 a 4500
008 - FIXED-LENGTH DATA ELEMENTS--GENERAL INFORMATION
fixed length control field 210303s2012 ||||||||||||||||| || u
020 ## - INTERNATIONAL STANDARD BOOK NUMBER
International Standard Book Number 9785883370914
050 ## - LIBRARY OF CONGRESS CALL NUMBER
Classification number PG 2900 Ale
100 ## - MAIN ENTRY--PERSONAL NAME
Personal name Kuzhimich, I.P
245 10 - TITLE STATEMENT
Title Missing plots: book on reading for foreigners studying Russian language
Statement of responsibility, etc. A.S Aleksandrova; I.P Kuzhimich; T.I Melentieva
260 ## - PUBLICATION, DISTRIBUTION, ETC.
Place of publication, distribution, etc. Moscow
Date of publication, distribution, etc. 2012
300 ## - PHYSICAL DESCRIPTION
Extent 246 pages
650 ## - SUBJECT ADDED ENTRY--TOPICAL TERM
Topical term or geographic name entry element RUSSIAN LITERATURE
700 ## - ADDED ENTRY--PERSONAL NAME
Personal name Melentieva, T.I
700 ## - ADDED ENTRY--PERSONAL NAME
Personal name Aleksandrova, A.S
995 ## -
-- MAIN LIBRARY OPEN ACCESS
-- 750871
-- CBU-MAIN LIBRARY (Kitwe)
-- PG 2900 Ale
-- 1
-- AVAILABLE
-- Mar 3, 2021
-- 750871
-- Main Library Open Access Collection
995 ## -
-- MAIN LIBRARY OPEN ACCESS
-- 750872
-- CBU-MAIN LIBRARY (Kitwe)
-- PG 2900 Ale
-- 2
-- AVAILABLE
-- Mar 3, 2021
-- 750872
-- Main Library Open Access Collection
999 ## -
-- 77699
-- 77699
Holdings
Withdrawn status Lost status Source of classification or shelving scheme Damaged status Not for loan Permanent Location Current Location Shelving location Date acquired Total Checkouts Full call number Barcode Date last seen Copy number Price effective from Koha item type
          CBU-MAIN LIBRARY, KITWE. CBU-MAIN LIBRARY, KITWE.   05/03/2023   PG 2900 Ale 750871 05/03/2023 2 05/03/2023 MONOGRAPH
          CBU-MAIN LIBRARY, KITWE. CBU-MAIN LIBRARY, KITWE.   05/03/2023   PG 2900 Ale 750872 05/03/2023 2 05/03/2023 MONOGRAPH